00702nac a22001931u 4500010001600000020002700016082002100043090001500064100003400079245005100113250001200164260005900176300003600235504005300271650003800324942002300362999001500385952010800400 a 97009975 a0138581010 (hardcover)00a337.09049bS1828 c4368d4368 aSalvatore, Dominick. 10aInternational economics /cDominick Salvatore. a6th ed. aUpper Saddle River, N.J. :bPrentice Hall,1998cc1998. axxxiv, 766 p. :bill. ;c24 cm. aIncludes bibliographical references and indexes. 0aInternational economic relations. cBBk337.09049S1828 c4368d4368 00104070aMAINbMAINc1STd2007-09-04ePurchasel0o337.09049 SALp000000216r2025-07-15 00:00:00yBB